[Event "Chojnice op-B 4th"]
[Site "Chojnice"]
[Date "2008.07.17"]
[Round "8"]
[White "Zebracki, Tomasz"]
[Black "Karpinski, Waldemar"]
[Result "1-0"]
[WhiteElo "1734"]
[BlackElo "1808"]
[PlyCount "41"]
[EventDate "2008.07.12"]
[EventType "swiss"]
[EventRounds "9"]
[EventCountry "POL"]
[SourceTitle "EXT 2018"]
[Source "ChessBase"]
[SourceDate "2017.10.13"]
[SourceVersion "1"]
[SourceVersionDate "2017.10.13"]
[SourceQuality "1"]

1. e4 e5 2. d4 exd4 3. Qxd4 Nc6 4. Qe3 Bb4+ 5. Bd2 Qe7 6. a3 Bc5 7. Qf4 Nf6 8. f3 d5 9. Nc3 a6 10. 0-0-0 dxe4 11. fxe4 Be6 12. Re1 Nh5 13. Qf3 Nf6 14. Qf4 0-0-0 15. e5 Nh5 16. Qf3 g6 17. Bxa6 Rxd2 18. Qxc6 bxa6 19. Qa8+ Kd7 20. Qxh8 Qg5 21. Nf3 1-0